|
|
|
|
| LEADER |
00000nam a2200000 a 4500 |
| 001 |
vtls010352249 |
| 003 |
SK-MaSNL |
| 005 |
20260302045700.0 |
| 007 |
co cg muuua |
| 008 |
120417s2011 xo fs 100 0 slo |
| 015 |
|
|
|a SNBS2014
|
| 020 |
|
|
|a 9788080848293 (elektronická kniha)
|
| 040 |
|
|
|a SNK
|b slo
|c SNK
|e AACR2
|
| 041 |
0 |
|
|a slo
|a cze
|b eng
|
| 044 |
|
|
|a xo
|c SK
|
| 072 |
|
7 |
|a 00
|x Veda. Všeobecnosti. Základy vedy a kultúry. Vedecká práca
|2 konspekt
|
| 080 |
|
|
|a 1/3+7/9
|2 2001
|
| 080 |
|
|
|a 37.0
|2 2001
|
| 080 |
|
|
|a 72/76
|2 2001
|
| 080 |
|
|
|a (062.534)
|2 2001
|
| 080 |
|
|
|a (0.034.44)
|2 2001
|
| 111 |
2 |
|
|a Týždeň vedy a umenia na Pedagogickej fakulte Katolíckej univerzity v Ružomberku
|d (2011 :
|c Ružomberok, Slovensko)
|9 703125
|
| 245 |
1 |
0 |
|a Týždeň vedy a umenia na Pedagogickej fakulte Katolíckej univerzity v Ružomberku
|h elektronický zdroj
|b zborník prednášok z týždňa európskej vedy, Ružomberok 7.11.-11.11.2011
|c zostavovateľ Amantius Akimjak
|
| 250 |
|
|
|a 1. vyd.
|
| 260 |
|
|
|a Ružomberok
|b VERBUM - vydavateľstvo KU
|c 2012
|
| 300 |
|
|
|a 1 elektronický optický disk (CD-ROM)
|b fareb.
|c 12 cm
|
| 500 |
|
|
|a Názov z titulnej obrazovky
|
| 504 |
|
|
|a Bibliogr. odkazy
|
| 516 |
|
|
|a Textový dokument (zborník), súbory vo formáte pdf, ppt, jpeg
|
| 538 |
|
|
|a Technické požiadavky: PDF prehliadač, prezentačný softvér, prehliadač obrázkov
|
| 546 |
|
|
|a Text. čiast. aj čes.; res. angl.
|
| 650 |
0 |
7 |
|a humanitné vedy
|2 SNKPH
|9 49832
|
| 650 |
0 |
7 |
|a výchova a vzdelávanie
|2 SNKPH
|9 1684
|
| 650 |
0 |
7 |
|a umenie
|2 SNKPH
|9 1060
|
| 650 |
0 |
7 |
|a Humanities
|2 SNKPHeng
|9 265963
|
| 650 |
0 |
7 |
|a Education
|2 SNKPHeng
|9 265320
|
| 650 |
0 |
7 |
|a Art
|2 SNKPHeng
|9 266209
|
| 655 |
|
7 |
|a elektronické zdroje
|2 SNKPH
|9 90954
|
| 655 |
|
7 |
|a CD-ROM
|2 SNKPH
|9 70236
|
| 655 |
|
7 |
|a zborníky konferencií
|2 SNKPH
|9 70153
|
| 655 |
|
7 |
|a Electronic resources
|2 SNKPHeng
|9 175546
|
| 655 |
|
7 |
|a Proceedings of conferences
|2 SNKPHeng
|9 265791
|
| 700 |
1 |
|
|a Akimjak, Amantius,
|d 1961-
|4 com
|9 112858
|
| 710 |
2 |
|
|a Katolícka univerzita v Ružomberku.
|b Pedagogická fakulta
|4 pbl
|9 121812
|
| 919 |
|
|
|a 978-80-8084-829-3
|
| 958 |
|
|
|a NB
|
| 999 |
|
|
|c 1094358
|d 1096288
|
| 952 |
|
|
|a SNK
|b SNK
|y PREZ
|7 0
|p 17A0886152
|o snkSCDM 4671
|i snk2012/7824
|8 0
|0 0
|1 0
|4 0
|d 2012-04-17
|l 0
|r 2026-02-24 17:09:19
|w 2026-02-24
|
| 952 |
|
|
|t snkTYZ 00
|a SNKMST
|b SNKMST
|y PREZ
|7 0
|p 17A0886159
|o snkSCDM 4671 D1
|i snk2012/7825
|8 0
|0 0
|1 0
|4 0
|d 2012-04-17
|l 0
|r 2025-08-11 00:00:00
|w 2026-02-24
|